[Event "Czech Open GM 2019"]
[Site "Pardubice"]
[Date "2019.07.27"]
[Round "9.29"]
[White "Bulockin, Martin"]
[Black "Stevanic, David"]
[Result "0-1"]
[WhiteElo "2210"]
[BlackElo "2306"]
[Annotator "NA"]
[PlyCount "70"]
[EventDate "2019.07.19"]
[EventType "swiss"]
[EventCountry "CZE"]
[SourceTitle "playchess.com"]
[Source "ChessBase"]
[SourceQuality "1"]

1. e4 e5 2. Nf3 Nc6 3. Bb5 a6 4. Bxc6 dxc6 5. d3 Bd6 6. Be3 Bg4 7. h3 Bh5 8. Nbd2 Ne7 9. Nc4 f6 10. Qe2 Bf7 11. c3 b5 12. Na5 Qc8 13. b4 Qd7 14. a3 Ng6 15. O-O O-O 16. c4 f5 17. c5 Be7 18. exf5 Qxf5 19. Nxc6 Bf6 20. Na5 Bd5 21. Ne1 h5 22. f3 Nf4 23. Qf2 g5 24. Rd1 g4 25. d4 exd4 26. Bxf4 Qxf4 27. fxg4 Qh6 28. Qf5 Qe3+ 29. Kh1 Qxh3+ 30. Kg1 Qe3+ 31. Kh1 Be5 32. Qg6+ Bg7 33. Rf5 hxg4 34. Qxg4 Be6 35. Nc2 Qh6+ 0-1

[Event "Czech Open GM 2019"]
[Site "Pardubice"]
[Date "2019.07.27"]
[Round "9.29"]
[White "Dushyant Sharma"]
[Black "Kraus, Tomas"]
[Result "1/2-1/2"]
[WhiteElo "2168"]
[BlackElo "2486"]
[Annotator "TA"]
[PlyCount "167"]
[EventDate "2019.07.19"]
[EventType "swiss"]
[EventCountry "CZE"]
[SourceTitle "playchess.com"]
[Source "ChessBase"]
[SourceQuality "1"]

1. e4 c5 2. Nf3 a6 3. Nc3 e6 4. d4 cxd4 5. Nxd4 Qc7 6. Be2 Nf6 7. O-O Nc6 8. Kh1 Bb4 9. f3 O-O 10. Bg5 Qa5 11. Nxc6 bxc6 12. Qd2 d5 13. a3 Bxc3 14. bxc3 Nd7 15. Be7 Re8 16. Bd6 Nc5 17. Bd3 Nb7 18. Bg3 e5 19. exd5 cxd5 20. Qg5 h6 21. Qh5 Nc5 22. Rae1 Nxd3 23. cxd3 Qxc3 24. Rxe5 Be6 25. Rfe1 Qxd3 26. f4 f6 27. R5e3 Qb5 28. Qd1 Bf7 29. h3 Rxe3 30. Rxe3 Bg6 31. Kh2 Be4 32. Bh4 Kh7 33. Qd4 Qb8 34. Bg3 Qb1 35. Bh4 Qb8 36. Bg3 Qb1 37. Bh4 Rg8 38. Rc3 Qb2 39. Bf2 Qe2 40. Rg3 Qc2 41. Qa7 Qc1 42. Be3 Qxa3 43. f5 Bxf5 44. Bxh6 Qf8 45. Be3 Qd6 46. Qf7 Kh8 47. Bh6 g5 48. Qh5 Bg6 49. Bf8+ Bxh5 50. Bxd6 Be2 51. Bc5 Kg7 52. Re3 Bc4 53. Re7+ Kg6 54. Bd4 f5 55. g4 fxg4 56. hxg4 Rb8 57. Re6+ Kf7 58. Rf6+ Ke7 59. Rg6 Ra8 60. Rxg5 a5 61. Rg7+ Kd6 62. Rg6+ Kc7 63. Rg7+ Kc6 64. Rg6+ Kb5 65. Rb6+ Ka4 66. g5 Ra6 67. Rxa6 Bxa6 68. Kg3 Bd3 69. Bc3 Kb5 70. Kf4 a4 71. Ke3 Kc4 72. Be5 Bg6 73. Kd2 a3 74. Kc1 d4 75. Bd6 Kb3 76. Bc5 d3 77. Be3 Bh7 78. Bf4 Bf5 79. Be3 Kc3 80. Bd2+ Kb3 81. Kb1 Bg6 82. Ka1 Bf7 83. g6 Bxg6 84. Bh6 1/2-1/2

[Event "Czech Open GM 2019"]
[Site "Pardubice"]
[Date "2019.07.27"]
[Round "9.30"]
[White "Dvoirys, Semen I."]
[Black "Caletka, Radomir"]
[Result "1-0"]
[WhiteElo "2505"]
[BlackElo "2286"]
[Annotator "ChessBase"]
[PlyCount "79"]
[EventDate "2019.07.19"]
[EventType "swiss"]
[EventCountry "CZE"]
[SourceTitle "playchess.com"]
[Source "ChessBase"]
[SourceQuality "1"]

1. e4 e6 2. d4 d5 3. e5 c5 4. c3 Nc6 5. Nf3 Bd7 6. Be2 Nge7 7. Na3 Ng6 8. Nc2 Be7 9. g3 cxd4 10. cxd4 O-O 11. h4 Rc8 12. h5 Nh8 13. h6 g6 14. Kf1 f6 15. exf6 Bxf6 16. Kg2 Nf7 17. Ne3 Ng5 18. Nxg5 Bxg5 19. Bb5 Be7 20. Ng4 Qb6 21. Bxc6 bxc6 22. Ne5 Be8 23. Be3 c5 24. Rc1 c4 25. Qe2 Rb8 26. b3 cxb3 27. axb3 Bd6 28. Bf4 Bb5 29. Qg4 Rf6 30. Rhe1 Rbf8 31. Rcd1 a5 32. Qh4 Rf5 33. Nxg6 hxg6 34. Rxe6 Rxf4 35. gxf4 Qc7 36. Rxg6+ Kh8 37. h7 Qe7 38. Qg4 Qe4+ 39. f3 Qc2+ 40. Kh3 1-0

[Event "Czech Open GM 2019"]
[Site "Pardubice"]
[Date "2019.07.27"]
[Round "9.30"]
[White "Vyskocil, Neklan"]
[Black "Daniel, Damian"]
[Result "1-0"]
[WhiteElo "2304"]
[BlackElo "2166"]
[Annotator "TA"]
[PlyCount "47"]
[EventDate "2019.07.19"]
[EventType "swiss"]
[EventCountry "CZE"]
[SourceTitle "playchess.com"]
[Source "ChessBase"]
[SourceQuality "1"]

1. d4 Nf6 2. c4 Nc6 3. Nf3 e6 4. Nc3 Bb4 5. Qc2 O-O 6. Bg5 d6 7. e3 Qe7 8. Nd2 Bxc3 9. Qxc3 e5 10. d5 Nb8 11. Qc2 Nbd7 12. Be2 a5 13. O-O h6 14. Bh4 Re8 15. Rae1 Nf8 16. f4 N8h7 17. Bd3 Qf8 18. fxe5 dxe5 19. Ne4 Nxe4 20. Bxe4 Ng5 21. Bxg5 hxg5 22. Bh7+ Kh8 23. Bg6 f5 24. g4 1-0

[Event "Czech Open GM 2019"]
[Site "Pardubice"]
[Date "2019.07.27"]
[Round "9.31"]
[White "Novik, Maxim"]
[Black "Weishaeutel, Moritz"]
[Result "1/2-1/2"]
[WhiteElo "2450"]
[BlackElo "2276"]
[Annotator "ChessBase"]
[PlyCount "80"]
[EventDate "2019.07.19"]
[EventType "swiss"]
[EventCountry "CZE"]
[SourceTitle "playchess.com"]
[Source "ChessBase"]
[SourceQuality "1"]

1. d4 Nf6 2. Bg5 c5 3. Bxf6 gxf6 4. d5 f5 5. c4 Bg7 6. Nc3 b5 7. cxb5 a6 8. e3 Qa5 9. Qd2 O-O 10. a4 d6 11. Nf3 Bd7 12. b6 Qxb6 13. Be2 a5 14. O-O Na6 15. Bb5 Bxb5 16. Nxb5 Nc7 17. Qd3 Nxb5 18. axb5 h6 19. Ra4 e6 20. Rfa1 Rfb8 21. dxe6 fxe6 22. g4 Rf8 23. Nh4 d5 24. gxf5 c4 25. Qd1 Qd8 26. Qg4 Qg5 27. Qxg5 hxg5 28. Ng6 Rfb8 29. Rxa5 Rxa5 30. Rxa5 Bxb2 31. Ra7 exf5 32. Ne7+ Kf8 33. Nxf5 Be5 34. Ne7 Bb2 35. Nf5 Be5 36. Ne7 Bb2 37. Nf5 Be5 38. Ne7 Bb2 39. Nf5 Be5 40. Ne7 Bb2 1/2-1/2

[Event "Czech Open GM 2019"]
[Site "Pardubice"]
[Date "2019.07.27"]
[Round "9.31"]
[White "Myshakov, Fyodor"]
[Black "Dzikowski, Michal"]
[Result "1-0"]
[WhiteElo "2295"]
[BlackElo "2109"]
[Annotator "NA"]
[PlyCount "115"]
[EventDate "2019.07.19"]
[EventType "swiss"]
[EventCountry "CZE"]
[SourceTitle "playchess.com"]
[Source "ChessBase"]
[SourceQuality "1"]

1. c4 Nf6 2. Nc3 e6 3. Nf3 d5 4. cxd5 exd5 5. d4 c6 6. Bg5 Bf5 7. e3 Be7 8. Be2 O-O 9. O-O Re8 10. a3 a5 11. Rc1 Nbd7 12. Nd2 Bd6 13. Bh4 Qb8 14. Bg3 Ne4 15. Ndxe4 Bxe4 16. b4 Bxg3 17. hxg3 Qd6 18. b5 Re6 19. bxc6 bxc6 20. Nxe4 Rxe4 21. Qa4 Re6 22. Bg4 Nb6 23. Qb3 Nc4 24. Bxe6 fxe6 25. Rxc4 dxc4 26. Qxc4 Qd5 27. Rc1 Qxc4 28. Rxc4 Ra6 29. Rc3 Rb6 30. Rc5 Rb1+ 31. Kh2 Rb2 32. f3 Rb3 33. e4 Rxa3 34. Rxc6 Kf7 35. Rc7+ Kf8 36. g4 a4 37. Ra7 h6 38. Kg3 g5 39. Rh7 Rd3 40. Rxh6 Kf7 41. Rh7+ Kg6 42. Rd7 Rd2 43. e5 a3 44. Re7 Rxd4 45. Rxe6+ Kf7 46. Rf6+ Ke7 47. Ra6 Rd3 48. Kf2 Rb3 49. g3 Kf7 50. f4 Rb2+ 51. Kf3 Rb3+ 52. Ke4 Rxg3 53. Ra7+ Ke8 54. f5 Rxg4+ 55. Kd5 Rb4 56. f6 Rb5+ 57. Ke6 Rb6+ 58. Kf5 1-0

[Event "Czech Open GM 2019"]
[Site "Pardubice"]
[Date "2019.07.27"]
[Round "9.32"]
[White "Koykka, Pekka"]
[Black "Kenneskog, Theodor"]
[Result "0-1"]
[WhiteElo "2402"]
[BlackElo "2284"]
[Annotator "NA"]
[PlyCount "54"]
[EventDate "2019.07.19"]
[EventType "swiss"]
[EventCountry "CZE"]
[SourceTitle "playchess.com"]
[Source "ChessBase"]
[SourceQuality "1"]

1. e4 c5 2. Nc3 d6 3. d4 cxd4 4. Qxd4 Nc6 5. Qd2 g6 6. b3 Bh6 7. f4 f5 8. Bb2 Nf6 9. exf5 Bxf5 10. O-O-O Rf8 11. g3 Qa5 12. Nge2 O-O-O 13. Bg2 e5 14. a3 d5 15. b4 Qc7 16. Na4 d4 17. Nc5 Nd5 18. Bxd5 Rxd5 19. Kb1 Rfd8 20. Qe1 b6 21. Nb3 d3 22. cxd3 Rxd3 23. Rxd3 Rxd3 24. Ka2 Be6 25. Bc3 Qf7 26. Nec1 Bxb3+ 27. Nxb3 Nd4 0-1

[Event "Czech Open GM 2019"]
[Site "Pardubice"]
[Date "2019.07.27"]
[Round "9.32"]
[White "Debevec, Blaz"]
[Black "Hollan, Petr"]
[Result "1/2-1/2"]
[WhiteElo "2195"]
[BlackElo "2287"]
[Annotator "NA"]
[PlyCount "113"]
[EventDate "2019.07.19"]
[EventType "swiss"]
[EventCountry "CZE"]
[SourceTitle "playchess.com"]
[Source "ChessBase"]
[SourceQuality "1"]

1. e4 e6 2. d4 d5 3. exd5 exd5 4. Bd3 Nf6 5. Ne2 Be7 6. h3 O-O 7. O-O a6 8. Bf4 Re8 9. Nd2 Nbd7 10. c3 c5 11. Bh2 Nf8 12. Nf3 b5 13. dxc5 Bxc5 14. Ned4 Ng6 15. a4 bxa4 16. Rxa4 Bd7 17. Ra2 a5 18. Re1 Qb6 19. Rxe8+ Rxe8 20. Qa1 a4 21. Bc2 Ra8 22. b3 a3 23. b4 Bxd4 24. Nxd4 Qa7 25. Bd3 Ne4 26. Bxe4 dxe4 27. c4 Qa4 28. Bd6 Nh4 29. Nc2 Qb3 30. Rxa3 Rxa3 31. Qxa3 Qxc4 32. Qa8+ Qc8 33. Qxc8+ Bxc8 34. Nd4 Nf5 35. Nxf5 Bxf5 36. Kf1 f6 37. Ke2 Kf7 38. Ke3 Ke6 39. Bf8 Kf7 40. Bc5 Bd7 41. Kd4 Ke6 42. Bf8 Bc6 43. Bxg7 e3 44. fxe3 Bxg2 45. h4 f5 46. Kc5 h5 47. Kb6 Kd7 48. Be5 Bf3 49. b5 Kc8 50. Bf4 Be4 51. Kc5 Kb7 52. b6 Bf3 53. Bc7 Be2 54. Kd5 Bf3+ 55. Ke5 Bg4 56. Kf4 Kc8 57. Ke5 1/2-1/2

[Event "Czech Open GM 2019"]
[Site "Pardubice"]
[Date "2019.07.27"]
[Round "9.33"]
[White "Dowgird, Filip"]
[Black "Hrabusa, Matej"]
[Result "1-0"]
[WhiteElo "2298"]
[BlackElo "2397"]
[Annotator "NA"]
[PlyCount "131"]
[EventDate "2019.07.19"]
[EventType "swiss"]
[EventCountry "CZE"]
[SourceTitle "playchess.com"]
[Source "ChessBase"]
[SourceQuality "1"]

1. d4 d5 2. Bf4 c5 3. e3 Nf6 4. c3 e6 5. Nd2 Bd6 6. Bg3 Qc7 7. Ngf3 Nbd7 8. Bd3 O-O 9. O-O Bxg3 10. hxg3 e5 11. dxe5 Nxe5 12. Nxe5 Qxe5 13. Nf3 Qh5 14. Qa4 c4 15. Bc2 Bg4 16. Nh2 Bd7 17. Qb4 Bc6 18. Rfd1 a5 19. Qb6 Rfe8 20. Rd2 Re6 21. Qc7 Rae8 22. Qf4 Ne4 23. Bxe4 dxe4 24. g4 Qc5 25. Rad1 Qb6 26. Nf1 Ba4 27. Re1 Bc6 28. Ree2 Qc5 29. Rd4 b5 30. Rc2 Re5 31. a3 f6 32. Rcd2 Bd5 33. Ng3 Qc6 34. Ne2 Qc5 35. Qg3 Bf7 36. Rd8 b4 37. axb4 axb4 38. g5 fxg5 39. cxb4 Qf8 40. Qxe5 Rxe5 41. Rxf8+ Kxf8 42. Nc3 Re7 43. Rd8+ Be8 44. Rd4 Bf7 45. Nxe4 h6 46. Rd8+ Re8 47. Rxe8+ Bxe8 48. Nd6 Bd7 49. Nxc4 Ke7 50. f3 h5 51. e4 h4 52. Kf2 Be6 53. b3 Kd7 54. b5 Kc7 55. Ke3 Bd7 56. b6+ Kb7 57. f4 gxf4+ 58. Kxf4 Ka6 59. Kg5 Bc6 60. e5 Bxg2 61. Kxh4 Bd5 62. Kg5 Bxc4 63. bxc4 Kxb6 64. Kg6 Kc5 65. Kxg7 Kxc4 66. e6 1-0

[Event "Czech Open GM 2019"]
[Site "Pardubice"]
[Date "2019.07.27"]
[Round "9.33"]
[White "Godzwon, Iwo"]
[Black "Chan, Yi Meng Ryan"]
[Result "1/2-1/2"]
[WhiteElo "2285"]
[BlackElo "2082"]
[Annotator "NA"]
[PlyCount "76"]
[EventDate "2019.07.19"]
[EventType "swiss"]
[EventCountry "CZE"]
[SourceTitle "playchess.com"]
[Source "ChessBase"]
[SourceQuality "1"]

1. e4 e5 2. Nf3 Nc6 3. Bb5 a6 4. Ba4 Nf6 5. O-O Be7 6. Re1 b5 7. Bb3 d6 8. c3 O-O 9. h3 Bb7 10. d4 Re8 11. Nbd2 Bf8 12. a3 g6 13. Ba2 Bg7 14. b4 a5 15. d5 Nb8 16. Nb3 axb4 17. cxb4 c6 18. Na5 Qe7 19. Nxb7 Qxb7 20. dxc6 Nxc6 21. Bb2 Rad8 22. Qc2 Nd4 23. Qd3 d5 24. exd5 Nxd5 25. Nxd4 exd4 26. Rxe8+ Rxe8 27. Qf3 Rd8 28. Bxd4 Bxd4 29. Rd1 Qa7 30. Bxd5 Kg7 31. Bb3 Bf6 32. Rxd8 Bxd8 33. Bd5 Bf6 34. Bc6 Bb2 35. Bxb5 Qxa3 36. Qf4 Bc3 37. Bc4 Qa1+ 38. Bf1 Qa4 1/2-1/2

[Event "Czech Open GM 2019"]
[Site "Pardubice"]
[Date "2019.07.27"]
[Round "9.34"]
[White "Ratsma, Rosa"]
[Black "Otruba, Marek"]
[Result "1-0"]
[WhiteElo "2282"]
[BlackElo "2041"]
[Annotator "NA"]
[PlyCount "61"]
[EventDate "2019.07.19"]
[EventType "swiss"]
[EventCountry "CZE"]
[SourceTitle "playchess.com"]
[Source "ChessBase"]
[SourceQuality "1"]

1. e4 c5 2. Nf3 d6 3. d4 cxd4 4. Nxd4 Nf6 5. Nc3 a6 6. h4 e5 7. Nb3 Be7 8. Bg5 Nbd7 9. a4 b6 10. Bc4 Bb7 11. Qe2 O-O 12. Rd1 Kh8 13. O-O h6 14. Bxf6 Nxf6 15. f4 b5 16. Bd3 b4 17. Nb1 Bc8 18. Rde1 Ng4 19. g3 Qb6+ 20. Kg2 exf4 21. Rxf4 h5 22. N1d2 g5 23. hxg5 Bxg5 24. Nc4 Qa7 25. Rff1 f5 26. Rh1 fxe4 27. Rxh5+ Bh6 28. Rxh6+ Kg7 29. Rg6+ Kxg6 30. Qxe4+ Kg5 31. Qg6# 1-0

[Event "Czech Open GM 2019"]
[Site "Pardubice"]
[Date "2019.07.27"]
[Round "9.34"]
[White "Kushko, Dmitriy"]
[Black "Rakesh Kumar Jena"]
[Result "0-1"]
[WhiteElo "2281"]
[BlackElo "2395"]
[Annotator "NA"]
[PlyCount "99"]
[EventDate "2019.07.19"]
[EventType "swiss"]
[EventCountry "CZE"]
[SourceTitle "playchess.com"]
[Source "ChessBase"]
[SourceQuality "1"]

1. Nf3 d5 2. g3 Nd7 3. Bg2 e5 4. d3 Ngf6 5. O-O Be7 6. Nc3 O-O 7. e4 dxe4 8. Nxe4 Nxe4 9. dxe4 c6 10. b3 Qc7 11. Bb2 a5 12. Bh3 f6 13. Be6+ Kh8 14. Nh4 Nc5 15. Bxc8 Rfxc8 16. Qg4 Rd8 17. f4 exf4 18. Rxf4 Bd6 19. Rxf6 Be5 20. Rf7 Qxf7 21. Bxe5 Nd7 22. Bb2 Nf6 23. Rf1 Nxg4 24. Rxf7 Rd1+ 25. Kg2 Rd2+ 26. Kg1 Rd1+ 27. Kg2 Rd2+ 28. Kg1 Rxc2 29. Bxg7+ Kg8 30. Rd7 Re8 31. Nf5 h5 32. Bd4 Rxe4 33. Rd8+ Kf7 34. Nd6+ Ke7 35. Re8+ Kxd6 36. Rxe4 Nxh2 37. Rf4 Rxa2 38. Bb6 Ng4 39. Rf7 c5 40. Rxb7 Kc6 41. Rb8 a4 42. bxa4 Rxa4 43. Bd8 c4 44. Bg5 Kd5 45. Kf1 Ra2 46. Ke1 Ne5 47. Rb5+ Ke4 48. Bf6 Nd3+ 49. Kd1 Rf2 50. Bh8 0-1

[Event "Czech Open GM 2019"]
[Site "Pardubice"]
[Date "2019.07.27"]
[Round "9.35"]
[White "Kosakowski, Jakub"]
[Black "Yandarbiev, Ruslan"]
[Result "1-0"]
[WhiteElo "2394"]
[BlackElo "2270"]
[Annotator "TA"]
[PlyCount "57"]
[EventDate "2019.07.19"]
[EventType "swiss"]
[EventCountry "CZE"]
[SourceTitle "playchess.com"]
[Source "ChessBase"]
[SourceQuality "1"]

1. e4 c5 2. Nf3 d6 3. d4 Nf6 4. Nc3 cxd4 5. Nxd4 a6 6. Bg5 Nbd7 7. Qe2 g6 8. f4 Bg7 9. O-O-O h6 10. Bh4 e5 11. fxe5 dxe5 12. Nb3 Qc7 13. Qc4 Qxc4 14. Bxc4 O-O 15. Rhf1 g5 16. Be1 Nb6 17. Be2 Nbd7 18. Nd5 Nxd5 19. exd5 f5 20. Bb4 Rf7 21. Bh5 Nf6 22. Bxf7+ Kxf7 23. Na5 b5 24. c4 bxc4 25. Nxc4 Ne4 26. Ba5 Bf6 27. Bc7 Bb7 28. Rxf5 Kg6 29. Rff1 1-0

[Event "Czech Open GM 2019"]
[Site "Pardubice"]
[Date "2019.07.27"]
[Round "9.35"]
[White "Zetocha, Adrian"]
[Black "Novotny, Michal"]
[Result "1-0"]
[WhiteElo "2193"]
[BlackElo "2280"]
[Annotator "NA"]
[PlyCount "77"]
[EventDate "2019.07.19"]
[EventType "swiss"]
[EventCountry "CZE"]
[SourceTitle "playchess.com"]
[Source "ChessBase"]
[SourceQuality "1"]

1. d4 Nf6 2. c4 c5 3. d5 b5 4. cxb5 a6 5. bxa6 g6 6. Nc3 Bg7 7. Nf3 O-O 8. e4 Qa5 9. Bd2 Bxa6 10. Be2 Bxe2 11. Qxe2 Qa6 12. Qxa6 Nxa6 13. O-O Rfb8 14. Rab1 Nb4 15. a4 Nd3 16. b3 Rb4 17. e5 Ne4 18. Nxe4 Rxe4 19. Be3 c4 20. Nd2 Rxe3 21. fxe3 c3 22. Nc4 Nxe5 23. Nxe5 Bxe5 24. Rf2 Bd6 25. Rc2 Bb4 26. Kf2 f5 27. e4 Kf7 28. Ke3 Kf6 29. Kd4 Rc8 30. e5+ Kg5 31. Rbc1 d6 32. exd6 exd6 33. Rxc3 Bxc3+ 34. Rxc3 Re8 35. Re3 Rc8 36. Re2 Rc1 37. b4 Rb1 38. Kc4 Kf4 39. a5 1-0

[Event "Czech Open GM 2019"]
[Site "Pardubice"]
[Date "2019.07.27"]
[Round "9.36"]
[White "Iliaguev, Kafar"]
[Black "Barua, Dibyendu"]
[Result "1-0"]
[WhiteElo "2276"]
[BlackElo "2393"]
[Annotator "NA"]
[PlyCount "60"]
[EventDate "2019.07.19"]
[EventType "swiss"]
[EventCountry "CZE"]
[SourceTitle "playchess.com"]
[Source "ChessBase"]
[SourceQuality "1"]

1. c4 e5 2. Nc3 Nc6 3. g3 g6 4. Bg2 Bg7 5. Rb1 a5 6. e3 d6 7. Nge2 h5 8. h3 Nh6 9. a3 Nf5 10. d3 O-O 11. b4 axb4 12. axb4 Be6 13. b5 Na5 14. O-O c6 15. bxc6 bxc6 16. e4 Ne7 17. Bg5 Qd7 18. Kh2 Ra6 19. Na4 Qa7 20. Nec3 c5 21. f4 Nac6 22. f5 gxf5 23. Bxe7 Nxe7 24. exf5 Nxf5 25. Rb7 Qa8 26. Rb6 Rxa4 27. Bxa8 Raxa8 28. Qxh5 Ra3 29. Ne4 Ra2+ 30. Kh1 d5 1-0

[Event "Czech Open GM 2019"]
[Site "Pardubice"]
[Date "2019.07.27"]
[Round "9.37"]
[White "Meleshko, Volodymyr"]
[Black "Schmidek, Emil"]
[Result "1/2-1/2"]
[WhiteElo "2270"]
[BlackElo "2391"]
[Annotator "TA"]
[PlyCount "68"]
[EventDate "2019.07.19"]
[EventType "swiss"]
[EventCountry "CZE"]
[SourceTitle "playchess.com"]
[Source "ChessBase"]
[SourceQuality "1"]

1. e4 e5 2. Nf3 Nc6 3. d4 exd4 4. Nxd4 Bc5 5. Be3 Qf6 6. c3 Qg6 7. Qf3 d6 8. Nb5 Bg4 9. Qf4 Bxe3 10. Qxe3 Kd7 11. Nd2 Nge7 12. Bc4 Be6 13. O-O a6 14. Nd4 Rae8 15. b4 Nxd4 16. cxd4 Bxc4 17. Nxc4 Nc6 18. Rfe1 d5 19. Qh3+ Kd8 20. exd5 Rxe1+ 21. Rxe1 Re8 22. Rxe8+ Kxe8 23. Qc8+ Nd8 24. h3 b5 25. d6 cxd6 26. Nb6 Qe6 27. Qxa6 Qe1+ 28. Kh2 Qxf2 29. Qxb5+ Kf8 30. Nd5 Qxd4 31. Qb6 Qe5+ 32. Kh1 Qa1+ 33. Kh2 Qe5+ 34. Kh1 Qa1+ 1/2-1/2

[Event "Czech Open GM 2019"]
[Site "Pardubice"]
[Date "2019.07.27"]
[Round "9.37"]
[White "Niedbala, Bartlomiej"]
[Black "Haring, Viktor"]
[Result "1/2-1/2"]
[WhiteElo "2152"]
[BlackElo "2278"]
[Annotator "NA"]
[PlyCount "65"]
[EventDate "2019.07.19"]
[EventType "swiss"]
[EventCountry "CZE"]
[SourceTitle "playchess.com"]
[Source "ChessBase"]
[SourceQuality "1"]

1. e4 c5 2. Nf3 Nc6 3. Bb5 e6 4. O-O Nge7 5. d4 cxd4 6. Nxd4 Nxd4 7. Qxd4 a6 8. Be2 Nc6 9. Qc3 b5 10. a4 b4 11. Qg3 Bb7 12. Nd2 Nd4 13. Bd1 h5 14. c3 h4 15. Qd3 Nc6 16. Nc4 Qc7 17. Be3 Ne5 18. Nxe5 Qxe5 19. Bc2 d5 20. exd5 Bd6 21. f4 Qxd5 22. Qxd5 Bxd5 23. cxb4 Bxb4 24. h3 Rc8 25. Bd3 a5 26. Rac1 Ke7 27. Ba6 Rxc1 28. Rxc1 Bd6 29. Bb5 Rh6 30. Bc6 Rh5 31. Bxd5 Rxd5 32. Kf2 Kf6 33. Rc4 1/2-1/2

[Event "Czech Open GM 2019"]
[Site "Pardubice"]
[Date "2019.07.27"]
[Round "9.38"]
[White "Sarkar, Justin"]
[Black "Zlatin, Alexander"]
[Result "1/2-1/2"]
[WhiteElo "2389"]
[BlackElo "2270"]
[Annotator "NA"]
[PlyCount "102"]
[EventDate "2019.07.19"]
[EventType "swiss"]
[EventCountry "CZE"]
[SourceTitle "playchess.com"]
[Source "ChessBase"]
[SourceQuality "1"]

1. c4 Nf6 2. Nc3 g6 3. e4 d6 4. d4 Bg7 5. Be2 O-O 6. Nf3 e5 7. Be3 Nc6 8. d5 Ne7 9. Nd2 Nd7 10. b4 f5 11. f3 f4 12. Bf2 g5 13. c5 Ng6 14. Nc4 Rf6 15. cxd6 cxd6 16. Nb5 Bf8 17. Nxa7 Nh4 18. Nxc8 Rxc8 19. O-O Rh6 20. Na5 Nf6 21. g3 fxg3 22. hxg3 Qd7 23. g4 Ng6 24. Be3 Nf4 25. Bxf4 gxf4 26. Rc1 Rxc1 27. Qxc1 Nh5 28. Bb5 Qxb5 29. gxh5 Rxh5 30. Qd2 Be7 31. Rf2 Bh4 32. Rh2 Rg5+ 33. Rg2 Bg3 34. Qc2 Qd7 35. Nxb7 Qxb7 36. Qc6 Qa7+ 37. Kf1 Qe3 38. Qe8+ Kg7 39. Qe7+ Kh6 40. Qe6+ Rg6 41. Qh3+ Kg5 42. Qg4+ Kf6 43. Qe6+ Kg7 44. Qe7+ Kh6 45. Rh2+ Bxh2 46. Qh4+ Kg7 47. Qe7+ Kg8 48. Qe8+ Kg7 49. Qe7+ Kh8 50. Qf8+ Rg8 51. Qf6+ Rg7 1/2-1/2

[Event "Czech Open GM 2019"]
[Site "Pardubice"]
[Date "2019.07.27"]
[Round "9.39"]
[White "Groetzbach, Julian"]
[Black "Yagupov, Igor"]
[Result "0-1"]
[WhiteElo "2269"]
[BlackElo "2385"]
[Annotator "NA"]
[PlyCount "88"]
[EventDate "2019.07.19"]
[EventType "swiss"]
[EventCountry "CZE"]
[SourceTitle "playchess.com"]
[Source "ChessBase"]
[SourceQuality "1"]

1. e4 c5 2. Nf3 Nc6 3. d4 cxd4 4. Nxd4 Qb6 5. Nb3 Nf6 6. Nc3 e6 7. Be3 Qc7 8. a3 a6 9. g4 d5 10. exd5 Nxd5 11. Nxd5 exd5 12. Qxd5 Be6 13. Qe4 O-O-O 14. Bc4 Bxc4 15. Qxc4 Qe5 16. c3 Be7 17. Nd4 Qe4 18. O-O-O Bf6 19. h3 h5 20. g5 Bxd4 21. Bxd4 Rhe8 22. b3 Qf4+ 23. Be3 Qxc4 24. bxc4 Rxd1+ 25. Rxd1 Na5 26. Rd5 Nc6 27. Rf5 Re7 28. Bc5 Re5 29. Rxe5 Nxe5 30. Bd4 Nf3 31. Be3 Kd7 32. Kd1 g6 33. Ke2 Ne5 34. c5 Kc6 35. f4 Nc4 36. Bc1 Kxc5 37. a4 Kd5 38. Kd3 Nb6 39. Be3 Nxa4 40. c4+ Kd6 41. Kd4 Nc5 42. f5 gxf5 43. Bf4+ Kc6 44. Be3 f4 0-1

[Event "Czech Open GM 2019"]
[Site "Pardubice"]
[Date "2019.07.27"]
[Round "9.39"]
[White "Kim, Andrey"]
[Black "Krak, Tomas"]
[Result "1/2-1/2"]
[WhiteElo "2048"]
[BlackElo "2274"]
[Annotator "NA"]
[PlyCount "126"]
[EventDate "2019.07.19"]
[EventType "swiss"]
[EventCountry "CZE"]
[SourceTitle "playchess.com"]
[Source "ChessBase"]
[SourceQuality "1"]

1. d4 e6 2. c4 Nf6 3. g3 c5 4. Nf3 cxd4 5. Nxd4 Nc6 6. Bg2 Qb6 7. Nb3 Bb4+ 8. Bd2 d5 9. cxd5 Nxd5 10. O-O a5 11. Bxb4 Qxb4 12. Nc3 Nxc3 13. bxc3 Qe7 14. Nd4 Nxd4 15. Qxd4 O-O 16. Rfd1 e5 17. Qd6 Qxd6 18. Rxd6 Be6 19. Bxb7 Rad8 20. Rad1 Rxd6 21. Rxd6 Bxa2 22. Ra6 Bc4 23. Rxa5 Bxe2 24. Rxe5 Bc4 25. Rc5 Be6 26. Ra5 Rb8 27. Ra8 Rxa8 28. Bxa8 Kf8 29. Kf1 Ke7 30. Ke2 Kd6 31. Kd3 Kc5 32. Bb7 h6 33. Ba6 Bf5+ 34. Ke3 f6 35. Bd3 Bd7 36. Bg6 Kc4 37. Kd2 Be6 38. f4 Bd5 39. f5 Kc5 40. Be8 Kd6 41. Ke3 Kc5 42. Bd7 Bf7 43. Kf4 Bh5 44. Be6 Kd6 45. Bb3 Kc5 46. Ke4 Be8 47. Bd5 Bh5 48. Be6 Be8 49. Kf4 Bh5 50. g4 Be8 51. Kg3 Kd6 52. Bg8 Ke5 53. Bh7 Ke4 54. Bg6 Bc6 55. Bf7 Ke5 56. c4 Kd6 57. Kh4 Ke7 58. Bd5 Be8 59. Bg8 Kd6 60. Kg3 h5 61. h3 hxg4 62. hxg4 Ke5 63. Kh4 Kd4 1/2-1/2

[Event "Czech Open GM 2019"]
[Site "Pardubice"]
[Date "2019.07.27"]
[Round "9.40"]
[White "SYDORYKA, Vladislav"]
[Black "Kataev, Aleksandr"]
[Result "1-0"]
[WhiteElo "2315"]
[BlackElo "1913"]
[Annotator "TA"]
[PlyCount "55"]
[EventDate "2019.07.19"]
[EventType "swiss"]
[EventCountry "CZE"]
[SourceTitle "playchess.com"]
[Source "ChessBase"]
[SourceQuality "1"]

1. Nf3 Nf6 2. g3 g6 3. Bg2 Bg7 4. O-O O-O 5. c4 d6 6. Nc3 Nc6 7. d3 e5 8. Rb1 Re8 9. Bg5 h6 10. Bxf6 Bxf6 11. b4 Bg7 12. b5 Ne7 13. a4 c6 14. Qc2 d5 15. bxc6 bxc6 16. Nd2 Be6 17. Rb7 Nf5 18. Rfb1 Bf8 19. Qd1 Qa5 20. cxd5 Bc8 21. R7b3 Nd4 22. Nc4 Qa6 23. R3b2 Bd7 24. d6 f5 25. e3 Ne6 26. Nxe5 Rad8 27. Rb7 Nc5 28. Rxd7 1-0

[Event "Czech Open GM 2019"]
[Site "Pardubice"]
[Date "2019.07.27"]
[Round "9.40"]
[White "Shailesh, Dravid"]
[Black "Jablonicky, Martin"]
[Result "1/2-1/2"]
[WhiteElo "2254"]
[BlackElo "2378"]
[Annotator "NA"]
[PlyCount "118"]
[EventDate "2019.07.19"]
[EventType "swiss"]
[EventCountry "CZE"]
[SourceTitle "playchess.com"]
[Source "ChessBase"]
[SourceQuality "1"]

1. e4 e5 2. Nf3 Nc6 3. Bb5 a6 4. Ba4 Nf6 5. O-O b5 6. Bb3 Bb7 7. Re1 Bc5 8. c3 d6 9. d4 Bb6 10. h3 Ne7 11. Nbd2 Ng6 12. Bc2 O-O 13. a4 c5 14. d5 c4 15. Nf1 Nd7 16. Be3 Bxe3 17. fxe3 bxa4 18. Rxa4 Nc5 19. Ra2 Qb6 20. Kh2 a5 21. g4 Ba6 22. Re2 Bb5 23. Ng3 Ra7 24. Rg2 a4 25. Ra3 Nd3 26. Bxd3 cxd3 27. Nf5 Ne7 28. Qe1 g6 29. Ng5 Nxf5 30. gxf5 h6 31. Nf3 Qd8 32. Ra1 Kh7 33. Qg3 Rg8 34. Rag1 a3 35. bxa3 Rxa3 36. Qe1 g5 37. h4 f6 38. hxg5 fxg5 39. Qg3 Rxc3 40. Rb1 Ba6 41. Ra1 Qb6 42. f6 Rc2 43. f7 Rxg2+ 44. Qxg2 Rf8 45. Nxg5+ hxg5 46. Qxg5 Qb2+ 47. Kg3 Qxa1 48. Qh5+ Kg7 49. Qg5+ Kxf7 50. Qf5+ Ke7 51. Qe6+ Kd8 52. Qxd6+ Kc8 53. Qc6+ Kb8 54. Qd6+ Ka7 55. Qc5+ Ka8 56. Qxf8+ Kb7 57. Qb4+ Ka8 58. Qf8+ Kb7 59. Qb4+ Ka8 1/2-1/2